[Event "Vallfogona de Balaguer Farre Mem 1st"]
[Site "Vallfogona de Balaguer"]
[Date "2022.04.30"]
[Round "2"]
[White "Codina Garcia, Jose"]
[Black "Luengo Guillermo, Daniel"]
[Result "1-0"]
[WhiteElo "1892"]
[BlackElo "1686"]
[PlyCount "79"]
[EventDate "2022.04.23"]
[EventType "swiss"]
[EventRounds "8"]
[EventCountry "ESP"]
[SourceTitle "EXT 2023"]
[Source "ChessBase"]
[SourceDate "2022.10.05"]
[SourceVersion "1"]
[SourceVersionDate "2022.10.05"]
[SourceQuality "1"]

1. e4 e6 2. d4 d5 3. e5 c5 4. c3 Nc6 5. Nf3 Qb6 6. a3 cxd4 7. cxd4 Nge7 8. b4 Nf5 9. Be3 Bd7 10. Nc3 Rc8 11. Na4 Qd8 12. Nc5 Bxc5 13. bxc5 0-0 14. Bd3 Nce7 15. 0-0 Bc6 16. Qd2 Qd7 17. Rab1 h6 18. Bf4 Ng6 19. Bg3 Nge7 20. Rb4 Rc7 21. Rfb1 a6 22. Bf4 Ng6 23. Bxf5 exf5 24. e6 fxe6 25. Bxc7 Qxc7 26. Re1 Re8 27. Ne5 Nxe5 28. Rxe5 Qa5 29. Qb2 Re7 30. g3 Bb5 31. Rb3 Qa4 32. Rbe3 Qc4 33. Re1 Kf7 34. Qb4 Qd3 35. R5e3 Qc2 36. Qc3 Qa4 37. Re5 Bd7 38. Qe3 Qc2 39. Rxd5 Kf6 40. Rxd7 1-0